| 000 | 00721nam a2200289 a 4500 | ||
|---|---|---|---|
| 003 | AR-BaBNM | ||
| 005 | 20251128205822.0 | ||
| 008 | 082120s2002 ||||||||||||||000 | spa|| | ||
| 020 | _a950-37-0154-6 | ||
| 040 | _cAR-BaBNM | ||
| 100 | 1 | _aTerragno, Rodolfo H. | |
| 245 | 0 | 0 | _aLa Argentina del siglo 21 |
| 260 |
_aBuenos Aires _bSudamericana _bPlaneta _c1985 |
||
| 300 | _a188 p. | ||
| 650 | 4 | _aSIGLO VEINTE | |
| 650 | 4 | _aIDEOLOGIAS POLITICAS | |
| 650 | 4 | _aPOLITICA SOCIAL | |
| 650 | 4 | _aPOLITICA | |
| 650 | 4 | _aFINANZAS | |
| 650 | 4 | _aDEUDA PUBLICA | |
| 650 | 4 | _aPOLITICA ECONOMICA | |
| 650 | 4 | _aPOLITICA INTERNA | |
| 650 | 4 | _aCRISIS POLITICAS | |
| 651 | 4 | _aArgentina | |
| 942 | _cBK | ||
| 998 | _cMariana | ||
| 999 |
_c12941 _d12941 |
||